Cuentos insoportables : relatos con humor ilustraciones de demo
Guardado en:
| Formato: | Libro |
|---|---|
| Publicado: |
Buenos Aires :
La Nación
|
| Series: | Libros ilustrados. Serie Argentina
|
| Materias: | |
| Etiquetas: |
Agregar Etiqueta
Sin Etiquetas, Sea el primero en etiquetar este registro!
|
| LEADER | 00786nam a22002055a 4500 | ||
|---|---|---|---|
| 001 | CEM.cems012676 | ||
| 005 | 20070821162508.0 | ||
| 008 | 130507b######################000#0#####d | ||
| 003 | CEMS | ||
| 082 | 0 | 4 | |a FA860 |
| 245 | 0 | 0 | |a Cuentos insoportables : |b relatos con humor ilustraciones de demo |
| 260 | |a Buenos Aires : |b La Nación | ||
| 300 | |a 33 p. | ||
| 490 | 0 | |a Libros ilustrados. Serie Argentina | |
| 505 | 0 | |a Amadeo Jacques (de Juvenilia) / Miguel Cané -- Diálogos / Fray Mocho -- A mí nunca me dejaban hablar / Isidoro Blaisten -- El negro Diana / Conrado Nalé Roxlo -- El fantasma / Roberto J. Payró | |
| 653 | |a Literatura | ||
| 653 | |a Literatura argentina | ||
| 653 | |a Cuentos humorísticos | ||
| 653 | |a Cuentos | ||
| 859 | |a CEMS |b BIB. CEMS - 11 de abril |h FA860 |i 42 |p 2152.44 |t Ej.1 | ||
